|
|
|
|
| LEADER |
00720cam a2200193 7i4500 |
| 001 |
0000027859 |
| 005 |
20200518090000.0 |
| 008 |
090630 eng |
| 020 |
|
|
|a 8121927641 (pbk.)
|
| 020 |
|
|
|a 9788121927642
|
| 090 |
0 |
0 |
|a RA427.3
|b .A88 2006
|
| 100 |
1 |
|
|a Asthana, D. K
|
| 245 |
1 |
2 |
|a A textbook of environmental studies (for undergraduate students) :
|b as per UGC syllabus
|c D. K. Asthana and Meera Asthana.
|
| 260 |
|
|
|a New Delhi, U.K.:
|b S.Chand & Company LTD.,
|c 2006.
|
| 300 |
|
|
|a xvii, 460 p.:
|b ill.;
|c 24 cm.
|
| 504 |
|
|
|a Includes bibliographical references and index
|
| 700 |
1 |
|
|a Asthana, Meera
|
| 997 |
|
|
|a Health Sciences, Faculty
|
| 999 |
|
|
|a 0000039180
|b BOK
|c OPEN SHELF
|e 1st Floor, Shah Alam
|